| Tag |
First Indicator |
Second Indicator |
Subfields |
| LEADER |
00000cam a2200000 a 4500 |
| 001 |
in00000088329 |
| 005 |
20151008063137.0 |
| 008 |
760916s1976 mnua j 00011 engm |
| 010 |
|
|
|a 75039145
|
| 020 |
|
|
|a 0876140533 (lib. bdg.)
|
| 035 |
|
|
|a (OCoLC)02192274
|
| 035 |
|
|
|9 AAK1669AM
|
| 040 |
|
|
|a DLC
|c DLC
|d m.c.
|d TXA
|d UtOrBLW
|
| 049 |
|
|
|a [Curr Col] TXAM
|c [933550]
|
| 050 |
0 |
0 |
|a PZ7
|b S64323 Cap
|
| 082 |
0 |
|
|a [E]
|
| 100 |
1 |
|
|a Smith, Beatrice S.
|
| 245 |
1 |
4 |
|a The case of the lost dogs /
|c by Beatrice S. Smith ; pictures by G. Overlie.
|
| 264 |
|
1 |
|a Minneapolis, Minn. :
|b Carolrhoda Books,
|c [1976]
|
| 264 |
|
4 |
|c ©1976
|
| 300 |
|
|
|a 32 unnumbered pages :
|b illustrations ;
|c 16 cm.
|
| 336 |
|
|
|a text
|b txt
|2 rdacontent
|
| 337 |
|
|
|a unmediated
|b n
|2 rdamedia
|
| 338 |
|
|
|a volume
|b nc
|2 rdacarrier
|
| 490 |
0 |
|
|a A Carolrhoda mini-mystery
|
| 520 |
|
|
|a While trying to locate their missing dog, Kate and Ben turn up a mystery.
|
| 650 |
|
1 |
|a Mystery and detective stories.
|
| 700 |
1 |
|
|a Overlie, George.
|
| 999 |
|
|
|a MARS
|
| 999 |
f |
f |
|s 71207035-b071-34cb-b205-7f011e3993df
|i fcfc815e-68d7-3281-bee0-fbd24c42e1db
|t 0
|
| 952 |
f |
f |
|p ric
|a Texas A&M University
|b Rellis Campus
|c Joint Library Facility
|d Remote Storage
|t 0
|e PZ7 S64323 Cap
|h Library of Congress classification
|i unmediated -- volume
|m A14805984206
|
| 998 |
f |
f |
|a PZ7 S64323 Cap
|t 0
|l Remote Storage
|